Guide to protein purification (Record no. 19378)

MARC details
000 -LEADER
fixed length control field 00905nam a2200313Ia 4500
003 - CONTROL NUMBER IDENTIFIER
control field OSt
005 - DATE AND TIME OF LATEST TRANSACTION
control field 20220912144931.0
008 - FIXED-LENGTH DATA ELEMENTS--GENERAL INFORMATION
fixed length control field 220909b |||||||| |||| 00| 0 eng d
020 ## - INTERNATIONAL STANDARD BOOK NUMBER
International Standard Book Number 9789380501598 (pbk)
037 ## - SOURCE OF ACQUISITION
Terms of availability Textbook
040 ## - CATALOGING SOURCE
Original cataloging agency CSL
Language of cataloging eng
Transcribing agency CSL
041 ## - LANGUAGE CODE
Language code of text/sound track or separate title eng
100 ## - MAIN ENTRY--PERSONAL NAME
Personal name Burgess Richard R Ed.
245 #0 - TITLE STATEMENT
Title Guide to protein purification
250 ## - EDITION STATEMENT
Edition statement 2
260 ## - PUBLICATION, DISTRIBUTION, ETC.
Place of publication, distribution, etc. London
Name of publisher, distributor, etc. Academic Press
Date of publication, distribution, etc. 2009
300 ## - PHYSICAL DESCRIPTION
Extent liii, 851p.
Dimensions cm.
500 ## - GENERAL NOTE
General note Includes bibliographical references.; Index 821-850p.
650 ## - SUBJECT ADDED ENTRY--TOPICAL TERM
Topical term or geographic name entry element Protein-isolation
650 ## - SUBJECT ADDED ENTRY--TOPICAL TERM
Topical term or geographic name entry element Proteins-purification
650 ## - SUBJECT ADDED ENTRY--TOPICAL TERM
Topical term or geographic name entry element Protein research
700 ## - ADDED ENTRY--PERSONAL NAME
Personal name Deutscher Murray P Ed.
942 ## - ADDED ENTRY ELEMENTS (KOHA)
Classification part E92Z2, P9 TK
Koha item type Textbook
Source of classification or shelving scheme Colon Classification (CC)
Holdings
Withdrawn status Lost status Damaged status Not for loan Home library Current library Date acquired Total Checkouts Full call number Barcode Date last seen Price effective from Koha item type
        Central Science Library Central Science Library 2022-09-12   E92Z2 P9 TK SL1533206 2022-09-12 2022-09-12 Textbook
Copyright @ Delhi University Library System